Statistiques concernant Pays qui produisent le plus d'épices

Cliquez ici pour prendre le quiz!

Statistiques générales

  • Ce quiz a été pris 2 111 fois
    (933 depuis la dernière actualisation)
  • Le résultat moyen est 10 sur 20

Statistiques - réponses

Tonnes métriquesPays% Correct
1,939,000Inde
98%
112,363Chine
96%
73,472Pakistan
82%
110,387Indonésie
81%
180,993Bangladesh
70%
199,018Turquie
65%
8,852Birmanie
62%
6,055Sri Lanka
55%
4,000Rép. dém. du Congo
55%
21,889Népal
51%
4,260Espagne
46%
23,227Colombie
43%
5,820Bhoutan
42%
5,237Niger
41%
6,603Nigeria
40%
36,754Éthiopie
40%
5,249Syrie
32%
7,111Hongrie
17%
4,440Géorgie
14%
6,279Burkina Faso
13%

Distribution des résultats

Percentile par nombre de réponses

% des personnes avec chaque résultat

Votre développement - résultats

Vous n’avez pas pris ce quiz depuis la dernière actualisation